Statistics for Star Wars: The Clone Wars characters

Click here to take the quiz!

General Stats

  • This quiz has been taken 2,224 times
  • The average score is 9 of 12

Answer Stats

HintAnswer% Correct
Anakin's clone captainRex
96%
Padawan of Anakin SkywalkerAhsoka Tano
94%
Darth Maul's brotherSavage Oppress
88%
Blue bounty hunter with hatCad Bane
85%
Duchess of MandaloreDuchess Satine
83%
Pirate leaderHondo
81%
Count Dooku's former apprenticeAsajj Ventress
80%
Purple HuttZiro
71%
Witch who helped bring back Darth MaulMother Talzin
53%
Giant godzilla-like monsterZillo Beast
50%
Green bounty hunter with hatEmbo
41%
Pantoran senatorChuchi
33%

Score Distribution

Percentile by Number Answered

Percent of People with Each Score

Your Score History

You have not taken this quiz